Ballon d'Or 2002 - Statistiken

Allgemein
  • Dieses Quiz wurde 118 mal gespielt
  • Das Durchschnittsergebnis liegt bei 21 aus 50
Antwortstatistiken
Platz Spiel Verein/e Nation Punkte % Korrekt
1. Ronaldo Inter Mailand/Real Madrid Brasilien 169
98%
6. Thierry Henry FC Arsenal Frankreich 54
96%
4. Zinedine Zidane Real Madrid Frankreich 78
92%
3. Oliver Kahn FC Bayern München Deutschland 110
89%
12. Ronaldinho Paris Saint-Germain Brasilien 8
89%
5. Michael Ballack Bayer 04 Leverkusen/FC Bayern München Deutschland 71
87%
2. Roberto Carlos Real Madrid Brasilien 145
87%
7. Raúl Real Madrid Spanien 38
81%
19. Luís Figo Real Madrid Portugal 3
72%
8. Rivaldo FC Barcelona/AC Mailand Brasilien 31
72%
13. Ruud van Nistelrooy Manchester United Niederlande 5
70%
10. Alessandro Del Piero Juventus Turin Italien 12
63%
27. Paolo Maldini AC Mailand Italien 0
63%
27. Iker Casillas Real Madrid Spanien 0
61%
27. Ryan Giggs Manchester United Wales 0
60%
27. Francesco Totti AS Rom Italien 0
58%
27. Miroslav Klose 1.FC Kaiserslautern Deutschland 0
56%
13. Michael Owen FC Liverpool England 5
55%
19. Lúcio Bayer 04 Leverkusen Brasilien 3
53%
15. Patrick Vieira FC Arsenal Frankreich 4
51%
15. Cafu AS Rom Brasilien 4
49%
27. Tomás Rosický Borussia Dortmund Tschechien 0
49%
27. David Beckham Manchester United England 0
45%
21. Rio Ferdinand Leeds United/Manchester United England 2
45%
24. Roy Makaay Deportico La Coruna Niederlande 1
44%
27. David Trezeguet Juventus Turin Frankreich 0
43%
15. Bernd Schneider Bayer 04 Leverkusen Deutschland 4
40%
9. Yildiray Bastürk Bayer 04 Leverkusen Türkei 13
38%
24. Filippo Inzaghi AC Mailand Italien 1
36%
27. Claude Makélélé Real Madrid Frankreich 0
33%
27. Patrick Kluivert FC Barcelona Niederlande 0
33%
27. Marc Wilmots FC Schalke 04 Belgien 0
29%
27. Cristian Vieri Inter Mailand Italien 0
22%
27. Djibril Cissé AJ Auxerre Frankreich 0
18%
21. El Hadji Diouf RC Lens/FC Liverpool Senegal 2
17%
21. Papa Bouba Diop RC Lens Senegal 2
13%
27. Pauleta FC Girondins Bordeaux Portugal 0
13%
27. Dahl Tomasson Feyenoord Rotterdam/AC Mailand Dänemark 0
12%
27. Luis Enrique FC Barcelona Spanien 0
12%
27. Sylvain Wiltord FC Arsenal Frankreich 0
11%
11. Hasan Sas Galatasaray Istanbul Türkei 10
9%
27. Javier Saviola FC Barcelona Argentinien 0
7%
15. Juan Carlos Valerón Deportivo La Coruna Spanien 4
7%
27. Sonny Anderson Olympique Lyon Brasilien 0
7%
27. Pablo Aimar FC Valencia Argentinien 0
6%
24. Rubén Baraja FC Valencia Spanien 1
6%
27. Pierre van Hooijdonk Feyenoord Rotterdam Niederlande 0
4%
27. Edmílson Olympique Lyon Brasilien 0
3%
27. Junichi Inamoto FC Arsenal/FC Fulham Japan 0
2%
27. Seol Ki-hyeon RSC Anderlecht Südkorea 0
0%
Keine übereinstimmenden Quizze gefunden
Verteilung der Resultate
Anzahl Personen mit jedem Resultat
Perzentil nach korrekt beantworteten Fragen
Ihre Resultats-Entwicklung
Sie haben dieses Quiz noch nicht gespielt